00644nam a2200193Ia 4500008004100000020001500041082001700056100005600073245002200129250000800151260003800159300003100197500001900228600003400247650001500281942000700296952013200303999001500435240925s9999 xx 000 0 und d a8120312465 a621.3822 OPP aAlan, V. Oppenhiem; Nawab ,S Hamid; Willsky S. Alan 0aSignals & Systems a2nd aNew Delhi:bPrentice Hallc,1997. axviii,1139p.bNAfOriginal aIncludes Index aTelecommunication Engineering aTechnology cBK 001040708ELaUITUbUITUd2000-02-28eRoyal Book Companyg339.75l0o621.3822 OPPpQ2218r2024-09-25 07:12:42w2024-09-25yBK c4717d4717